000 00232nam a2200097Ia 4500
001 777751
005 20250826165912.0
008 250824s9999 xx 000 0 und d
245 0 _aHAYIR
_cADALET AĞAOĞLU
260 _bEVEREST YAYINLARI
999 _c777751
_d777751